Normal view
MARC view
- Combinatorial optimization.
Entry Topical Term
001 - CONTROL NUMBER
- control field: 10548
003 - CONTROL NUMBER IDENTIFIER
- control field: NUST
005 - DATE AND TIME OF LATEST TRANSACTION
- control field: 20180528073344.0
008 - FIXED-LENGTH DATA ELEMENTS
- fixed length control field: 180528|| aca||aabn | a|a d
040 ## - CATALOGING SOURCE
- Original cataloging agency: NUST
- Transcribing agency: NUST
150 ## - HEADING--TOPICAL TERM
- Topical term or geographic name entry element: Combinatorial optimization.
670 ## - SOURCE DATA FOUND
- Source citation: Work cat.: (NUST)0: Lee, Jon, 1960- 10546, A first course in combinatorial optimization , 2004.
